| 000 | 00576nam a22001697a 4500 | ||
|---|---|---|---|
| 999 |
_c534153 _d534153 |
||
| 003 | NUST | ||
| 005 | 20200204142320.0 | ||
| 020 | _a087168327X | ||
| 038 | _aMuhammad Ibrahim | ||
| 082 |
_a623.82574 _bSTE 1989 |
||
| 100 |
_aStefanick, Tom _928299 |
||
| 245 | 1 | 0 |
_aStrategic missile submarines and international security _cTom Stefanick |
| 260 |
_aWashington, D.C _bAmerican Association for the Advancement of Science _c1989 |
||
| 300 |
_ax,33p _c22 cm |
||
| 650 |
_a Anti-submarine warfare. Fleet ballistic missile weapons systems. Nuclear submarines _928300 |
||
| 942 |
_2ddc _cBK |
||